| 000 | 01228nam a2200361 a 4500 | ||
|---|---|---|---|
| 001 | 28187752 | ||
| 003 | OCoLC | ||
| 005 | 20240504171238.0 | ||
| 008 | 930601s1992 nyua j 000 1 spa d | ||
| 020 | _a0590462741 | ||
| 020 | _a9780590462747 | ||
| 040 |
_aSUC _beng _cSUC _dYOL |
||
| 041 | 1 |
_aspa _heng |
|
| 090 | _aSP E COW | ||
| 092 | _aSP E COW | ||
| 100 | 1 | _aCowcher, Helen. | |
| 240 | 1 | 0 |
_aRain forest. _lSpanish. |
| 245 | 1 | 3 |
_aEl bosque tropical / _cHelen Cowcher. |
| 260 |
_aNew York : _bScholastic, _cc1992. |
||
| 300 |
_a34 unnumbered pages : _billustrations ; _c28 cm. |
||
| 336 |
_atext _btxt _2rdacontent. |
||
| 337 |
_aunmediated _bn _2rdamedia. |
||
| 338 |
_avolume _bnc _2rdacarrier. |
||
| 500 | _aTranslation of: Rain forest. | ||
| 520 | _aThe animal inhabitants of a rain forest live in peace, until something even more powerful than Jaguar comes to threaten their world. | ||
| 526 | 0 |
_aAccelerated Reader AR _bLG _c2.5 _d0.5 _z18376. |
|
| 526 | 0 |
_aReading Counts RC _bK-2 _c3 _d2 _zQuiz: 01480. |
|
| 650 | 0 |
_aRain forests _vJuvenile fiction. |
|
| 650 | 0 |
_aAnimals _vJuvenile fiction. |
|
| 650 | 0 |
_aSpanish language materials _vJuvenile fiction. |
|
| 655 | 7 |
_aPicture books. _2lcgft. |
|
| 942 |
_cBK _2ddc |
||
| 999 |
_c29743 _d29741 |
||